Tvorba a využitie podnikateľských spojení malých a stredných podnikov

Bibliographic Details
Main Author: Theodoulides, Lenka, 1967- (Author)
Format: Article
Language:Slovak
Subjects:

MARC

LEADER 00000nab a2200000 a 4500
001 vtls008162441
003 SK-MaSNL
005 20260426070655.0
008 050623c2005 xo qr|p|||||||000 b|slo
015 |a SNBRB2005/06  |2 snkbucl 
038 |a SNKBUCL 
040 |a SNKBUCL  |b slo  |c SNKBUCL  |e AACR2 
041 0 |a slo 
044 |a xo  |c SK 
080 |a 658.11.017.2/.3:658.114.5  |x (437.6)  |2 UDC-MRF-SK2 
080 |a 334.752  |x (437.6)  |2 UDC-MRF-SK2 
080 |a 658.114.5  |x (437.6)  |2 UDC-MRF-SK2 
100 1 |a Theodoulides, Lenka,  |d 1967-  |4 aut  |9 255093 
245 1 0 |a Tvorba a využitie podnikateľských spojení malých a stredných podnikov  |c Lena Theodoulides 
650 0 7 |a malé podniky  |2 snkbucl  |9 2191 
650 0 7 |a stredné podniky  |2 snkbucl  |9 2193 
650 0 7 |a skupiny podnikov  |2 snkbucl  |9 770203 
651 7 |a Slovensko  |2 snkbucl  |9 14231 
773 0 |t IBC. International business cooperation  |g Roč. 16., č. 1 (2005), s. 29-31 
852 |a SNK  |b KIS3GCP 
999 |c 2670021  |d 2671951